Al llarg de la meva vida / (Record no. 171627)
[ view plain ]
| 000 -LEADER | |
|---|---|
| campo de control de longitud fija | 00601nam a22001935i 4500 |
| 001 - NÚMERO DE CONTROL | |
| campo de control | 171627 |
| 003 - IDENTIFICADOR DE NÚMERO DE CONTROL | |
| campo de control | ES-MaACL |
| 005 - FECHA Y HORA DE LA ÚLTIMA TRANSACCIÓN | |
| campo de control | 20230906214700.0 |
| 008 - DATOS DE LONGITUD FIJA--INFORMACIÓN GENERAL | |
| campo de control de longitud fija | 090522s1970 sp |||| | cat d |
| 080 ## - NÚMERO DE LA CLASIFICACIÓN DECIMAL UNIVERSAL | |
| Número de la Clasificación Decimal Universal | 946"19"(093.32) |
| 080 ## - NÚMERO DE LA CLASIFICACIÓN DECIMAL UNIVERSAL | |
| Número de la Clasificación Decimal Universal | 929 Soldevila, Fernando |
| 100 1# - ENTRADA PRINCIPAL--NOMBRE DE PERSONA | |
| Nombre de persona | Soldevila, Ferran. |
| 9 (RLIN) | 107111 |
| 245 10 - MENCIÓN DEL TÍTULO | |
| Título | Al llarg de la meva vida / |
| Mención de responsabilidad, etc. | Ferran Soldevila. |
| 250 ## - MENCION DE EDICION | |
| Mención de edición | [1ª ed.]. |
| 260 ## - PUBLICACIÓN, DISTRIBUCIÓN, ETC. | |
| Lugar de publicación, distribución, etc. | Barcelona : |
| Nombre del editor, distribuidor, etc. | Edicions 62, |
| Fecha de publicación, distribución, etc. | [1970] |
| 300 ## - DESCRIPCIÓN FÍSICA | |
| Extensión | 542 p. : |
| Otras características físicas | 1 retr. aut. ; |
| Dimensiones | 18 cm. |
| 651 #4 - PUNTO DE ACCESO ADICIONAL DE MATERIA--NOMBRE GEOGRÁFICO | |
| Nombre geográfico | España- |
| Subdivisión general | Historia- |
| Subdivisión cronológica | S.XX- |
| Subdivisión de forma | Relatos personales. |
| 9 (RLIN) | 8365 |
| 852 ## - LOCALIZACIÓN | |
| Ubicación | ES-MaACL |
| Número de control de estantería | C-50578 |
| itemnumber | R.73422 |
| Estatus retirado | Estado de pérdida | Estado de daño | No para préstamo | Biblioteca de origen | Biblioteca actual | Ubicación en estantería | Fecha de adquisición | Fuente de adquisición | Total de préstamos | Signatura topográfica completa | Código de barras | Visto por última vez | Precio de reemplazo | Tipo de ítem Koha |
|---|---|---|---|---|---|---|---|---|---|---|---|---|---|---|
| Biblioteca del Ateneo de Madrid | Biblioteca del Ateneo de Madrid | Depósito 2 | 22/05/2009 | C-50578 | 1180110 | 23/02/2023 | 23/02/2023 | Libro impreso |
